Vista normal
Vista MARC
Entrada Corporate Name
Número de registros utilizados en: 1
001 - CONTROL NUMBER
- control field: 44534
003 - CONTROL NUMBER IDENTIFIER
- control field: OSt
005 - DATE AND TIME OF LATEST TRANSACTION
- control field: 20260220134140.0
008 - FIXED-LENGTH DATA ELEMENTS
- fixed length control field: 260220|| aca||aabn | a|a d
040 ## - CATALOGING SOURCE
- Original cataloging agency: OSt
- Transcribing agency: OSt
110 ## - HEADING--CORPORATE NAME
- Corporate name or jurisdiction name as entry element: Colombia.
- Subordinate unit: Presidencia de la República.
- Subordinate unit: Consejería Presidencial para la Defensa y la Seguridad Nacional
670 ## - SOURCE DATA FOUND
- Source citation: Work cat.: (OSt)31151: Colombia. Presidencia de la República. Consejería Presidencial para la Defensa y la Seguridad Nacional., Una política de seguridad para la convivencia / , 1994.